La bruja Mon /

¿Qué bien la pasa la bruja Mon! con su vieja varita y las palabras mágicas se dedica a hacer travesuras, pero, a veces, las cosas no salen como ella quiere y hasta tiene que pagar multa.

Guardado en:
Autor Principal: Mateos, Pilar.
Otros Autores: Escrivá, Viví; il.
Formato: Libro
Idioma:Undetermined
Publicado: Buenos Aires : SM, 2000.
Series:El barco de Vapor. Primeros Lectores ; 14
Materias:
Etiquetas: Agregar Etiqueta
Sin Etiquetas, Sea el primero en etiquetar este registro!
LEADER 00933nam a22002415a 4500
001 CEM.cems020025
008 230425s2000####ag############000#0#und#d
005 20230425130311.0
245 1 0 |a La bruja Mon /  |c Pilar Mateos; ilustrado por Viví Escrivá. 
260 |a Buenos Aires :  |b SM,  |c 2000. 
300 |a 64 p. ;  |c 20 cm. 
490 1 |a El barco de Vapor. Primeros Lectores ;  |v 14 
520 |a ¿Qué bien la pasa la bruja Mon! con su vieja varita y las palabras mágicas se dedica a hacer travesuras, pero, a veces, las cosas no salen como ella quiere y hasta tiene que pagar multa. 
505 0 |a La rana -- La apuesta -- El reloj -- El eco 
020 |a 8434812339 
100 1 |a Mateos, Pilar. 
700 1 |a Escrivá, Viví; il. 
082 0 4 |a 863.4 
653 |a Literatura Infantil 
653 |a Literatura Juvenil 
653 |a Cuentos 
653 |a Cuentos Infantiles 
859 |a CEMS  |b BIB. CEMS - Agricultura  |h 863.4  |i M417  |p A3535.23  |t Ej.1